National parks of Croatia - Statistics

General Stats
  • This quiz has been taken 222 times
  • The average score is 6 of 8
Answer Stats
Year established National park % Correct
1949 Plitvička jezera
98%
1985 Krka
84%
1983 Brijuni
77%
1964 Kornati
76%
1953 Risnjak
74%
1960 Mljet
72%
1999 Sjeverni Velebit
70%
1949 Paklenica
64%
No matching quizzes found
Score Distribution
Percent of People with Each Score
Percentile by Number Answered
Your Score History
You have not taken this quiz